| 000 | 00373nam a2200109Ia 4500 | ||
|---|---|---|---|
| 008 | 160712s9999 xx 000 0 und d | ||
| 245 | _aProceedings of the Roundtable Workshop on Enterprise Upgrading | ||
| 260 |
_c2013 _bPhilippine Journal on Innovation & Entrepreneurship |
||
| 300 | _avol. 1 no. 1 | ||
| 650 | _xENTREPRENEURSHIP | ||
| 856 | _uhttp://issi.upd.edu.ph/PJIE.pdf | ||
| 999 |
_c297275 _d297275 |
||